Biblioteca

Los doce artículos de la fe llamados también la confesión apostólica de fe (Registro nro. 44392)

Detalles MARC
000 -LÍDER
Campo fijo de descripción fija 003020000a22001210004500
001 - NÚMERO DE CONTROL
Campo de control 17897
245 10 - TÍTULO
Título del Material Los doce artículos de la fe llamados también la confesión apostólica de fe
260 ## - PUBLICACIÓN, DISTRIBUCIÓN, ETC. (PIE DE IMPRENTA)
Lugar de publicación, distribución, etc. Holanda : Iglesia Reformada Libre
300 ## - DESCRIPCIÓN FÍSICA
Extensión 24 p.
650 14 - ASIENTO SECUNDARIO DE MATERIA - TERMINO TEMÁTICO
Término temático o nombre geográfico como elemento de entrada FE
942 ## - TIPO DE MATERIAL (KOHA)
Tipo de Item KOHA Libros General
Existencias
Estado de Material Estado de Perdido Estado de Dañado No para Préstamo Colección Tomo Biblioteca de Origen Biblioteca Permanente Fecha de Adquisición Total de Préstamos Signatura Topográfica Código de Barras Última vez visto Ejemplar/Existencia Fecha de Remplazo Tipo de Material
        Colección Folletos   Biblioteca FUSBC Biblioteca FUSBC 20/02/2013   AV 0462 17888 12/12/2019 1 26/01/2016 Documentos Archivo Vertical

Biblioteca FUSBC | Teléfono: (57+4) 349 88 10 Ext. 141| WhatsApp (+57) 3005338115 
E-mail: biblioteca@unisbc.edu.co | Calle 76 87-14 Robledo Palenque, Medellín, Colombia

Con tecnología Koha